LDR 00686naa#a2200181#i#450# 001 EN\\bibl\120736 005 20260630010958.2 011 ## _a2687-0185 100 ## _a20251202b2025####ek#y0engy0150####ca 102 ## _aRU 200 1# _aREGULATORY AND LEGAL REGULATION OF PUBLIC EVENTS AND PARTICIPATION IN THEM IN THE RUSSIAN FEDERATION _eJournal article 210 1# _aMoscow _cMoscow University of the Ministry of Internal Affairs of Russia named after V.Ya. Kikot _d2025 215 ## _a5 с. 608 ## _aJournal article _2local 675 ## _aПраво. Юридические науки. 34 _z 700 #1 _aKOSTYLEV _gALEKSEY OLEGOVICh 700 #1 _aTOLMAChEVA _gDAR'Ya VIKTOROVNA 856 4# _amosumvd.editorum.ru _u